000 nam a22 7a 4500
999 _c7745
_d7745
008 171005b xxu||||| |||| 00| 0 eng d
100 _94226
_aTrivedi.etal.
245 _aMathematics-XII
260 _aNew Delhi
_bJPH
_c2008